Préfectures de l'Île-de-France - Statistiques

Statistiques générales
  • Ce quiz a été pris 251 fois
  • Le résultat moyen est 6 sur 8
Statistiques - réponses
Département Préfecture % Correct
Paris Paris
99%
Yvelines Versailles
86%
Val-de-Marne Créteil
74%
Essonne Evry-Courcouronnes
73%
Hauts-de-Seine Nanterre
72%
Seine-Saint-Denis Bobigny
69%
Val-d'Oise Cergy-Pontoise
67%
Seine-et-Marne Melun
67%
Aucun quiz correspondant
Distribution des résultats
% des personnes avec chaque résultat
Percentile par nombre de réponses
Votre historique - résultats
Vous n’avez pas pris ce quiz